000 00599nam a2200193 4500
001 117060
003 ES-MaACL
005 20230906190825.0
007 t|
008 070228s1943 ag r ||||1| spa d
100 1 _aPayró, Julio E.
_989738
245 1 0 _aJames Ensor /
_cpor Julio E. Payró.
260 _aBuenos Aires :
_bPoseidón :
_b[Sebastián de Amorrortu e hijos],
_c1943.
300 _a70 p., 41 lám. :
_bil. ;
_c23 cm.
490 1 _aBiblioteca argentina de arte
830 0 _aBiblioteca argentina de arte
_9184108
852 _aES-MaACL
_jC-3916
_bR.23640
999 _c117060
_d117060